logo

Bir Sreshtho Munshi Abdur Rouf Library
Jhenaidah Cadet College

মধ্যাহ্ন অখণ্ড / (Record no. 2200)

MARC details
000 -LEADER
fixed length control field 00666nam a2200229 a 4500
001 - CONTROL NUMBER
JCCL Control Number 2200
003 - CONTROL NUMBER IDENTIFIER
JCCL marc code BD-JhCC
005 - DATE AND TIME OF LATEST TRANSACTION
control field 20240512194327.0
008 - FIXED-LENGTH DATA ELEMENTS--GENERAL INFORMATION
fixed length control field 171030s2008 bg |||| ||a| 000 0 ben d
020 ## - INTERNATIONAL STANDARD BOOK NUMBER
International Standard Book Number 9848684948
035 ## - SYSTEM CONTROL NUMBER
system control number (BD-JhCC)2200
040 ## - CATALOGING SOURCE
Original cataloging agency BD-JhCC
Modifying agency BD-JhCC
041 ## - LANGUAGE CODE
Language code of Book ben
082 ## - DEWEY DECIMAL CLASSIFICATION NUMBER
Classification number 891.443
Author mark and Year AHM 2008
100 ## - MAIN ENTRY--PERSONAL NAME
Personal name আহমেদ, হুমায়ূন
245 ## - TITLE STATEMENT
Title মধ্যাহ্ন অখণ্ড /
Statement of responsibility, etc হুমায়ূন আহমেদ
260 ## - PUBLICATION, DISTRIBUTION, ETC. (IMPRINT)
Place of publication, distribution, etc ঢাকা :
Name of publisher, distributor, etc অন্যপ্রকাশ,
Date of publication, distribution, etc 2008
300 ## - PHYSICAL DESCRIPTION
Pagination 407 p. :
Dimensions 20 cm.
650 ## - SUBJECT ADDED ENTRY--TOPICAL TERM
Topical term or geographic name as entry element Collection of Novel
942 ## - ADDED ENTRY ELEMENTS (KOHA)
Source of classification or shelving scheme Dewey Decimal Classification
Koha item type Books
Koha issues (borrowed), all copies 22
Holdings
Source of classification or shelving scheme Damaged status Not for loan Home library Current library Shelving location Date of accession Source of acquisition Cost, normal purchase price Total Checkouts Full call number Barcode Date last seen Date checked out Copy number Koha item type Checked out Method of acquisition Currency
Dewey Decimal Classification     JCC Rouf Library JCC Rouf Library General Stacks 03/16/2023 IPDC 600.00 13 891.443 AHM 2008 2331 02/02/2025 01/23/2025 C-1 Books      
Dewey Decimal Classification     JCC Rouf Library JCC Rouf Library General Stacks 11/02/2017   500.00 5 891.443 AHM 2008 2591 11/02/2024 09/30/2024 C-2 Books      
Dewey Decimal Classification     JCC Rouf Library JCC Rouf Library General Stacks 11/08/2017   500.00 7 891.443 AHM 2008 4726 02/09/2026 02/08/2026 C-3 Books      
Dewey Decimal Classification     JCC Rouf Library JCC Rouf Library General Stacks     600.00 1 891.443 AHM 2017 19567 11/11/2024 11/11/2024 C-4 Books 12/07/2024 Purchase BDT

JCC Library | Contacts | JCC Home

Last Update on 23 September 2017
Copyright @ 2017-2020 JCC Rouf Library
Rouf Library, Jhenidah Cadet College (JCC), Bangladesh